| 000 | 00759cab a2200253 4500 | ||
|---|---|---|---|
| 001 | WB2848-16 | ||
| 008 | 090401t1992 xxu||||| |||| 00| 0 eng d | ||
| 035 | _a(Sirsi) u56157 | ||
| 041 | _aeng | ||
| 245 | _aOne in ten shops may go | ||
| 260 | _c1992 | ||
| 350 | _a0 | ||
| 490 |
_aTimes _v7 December 1992, 36(1) |
||
| 520 | _aForecasts by Verdict Research indicate that changing shopping patterns will lead to the closure of 10% of British shops as larger stores become more popular. | ||
| 650 | _aFORECASTS | ||
| 650 | _aRESEARCH | ||
| 650 | _aRETAIL PROPERTY | ||
| 650 | _aRETAILING | ||
| 650 | _aSPECIALITY SHOPS | ||
| 650 | _aVARIETY STORES | ||
| 690 | _aPROPERTY-COMMERCIAL PROPERTY-RETAIL PROPERTY | ||
| 942 | _n0 | ||
| 948 | _c04/03/1997 | ||
| 999 |
_c34258 _d34258 |
||